000
00309nam a2200109Ia 4500
008
230206s9999 xx 000 0 und d
022
_a
0256-0909
041
_a
eng
100
_a
Chand V S, Ed.
_9
119227
245
_a
Vikalpa : The Journal for Decision Makers
260
_b
Indian Institute of Management
_a
Ahmedabad
999
_c
97678
_d
97678